<?xml version="1.0" encoding="UTF-8"?>
<record
    xmlns:xsi="http://www.w3.org/2001/XMLSchema-instance"
    xsi:schemaLocation="http://www.loc.gov/MARC21/slim http://www.loc.gov/standards/marcxml/schema/MARC21slim.xsd"
    xmlns="http://www.loc.gov/MARC21/slim">

  <leader>02051nam a2200313 i 4500</leader>
  <controlfield tag="001">6510</controlfield>
  <controlfield tag="003">ES-MaACL</controlfield>
  <controlfield tag="005">20250905155020.0</controlfield>
  <controlfield tag="007">t|</controlfield>
  <controlfield tag="008">891205m19841987sp           |||| | spa d</controlfield>
  <datafield tag="020" ind1=" " ind2=" ">
    <subfield code="a">84-249-0973-9</subfield>
  </datafield>
  <datafield tag="080" ind1=" " ind2=" ">
    <subfield code="a">875-82"00"</subfield>
  </datafield>
  <datafield tag="100" ind1="0" ind2=" ">
    <subfield code="a">Plutarco</subfield>
    <subfield code="9">92678</subfield>
  </datafield>
  <datafield tag="245" ind1="1" ind2="0">
    <subfield code="a">Obras morales y de costumbres </subfield>
    <subfield code="b">= (Moralia) / </subfield>
    <subfield code="c">Plutarco.</subfield>
  </datafield>
  <datafield tag="246" ind1="3" ind2="1">
    <subfield code="a">Moralia</subfield>
  </datafield>
  <datafield tag="260" ind1=" " ind2=" ">
    <subfield code="a">Madrid : </subfield>
    <subfield code="b">Gredos, </subfield>
    <subfield code="c">1984-87.</subfield>
  </datafield>
  <datafield tag="300" ind1=" " ind2=" ">
    <subfield code="a">4 v. ; </subfield>
    <subfield code="c">20 cm.</subfield>
  </datafield>
  <datafield tag="490" ind1="1" ind2=" ">
    <subfield code="a">Biblioteca cl&#xE1;sica Gredos ; </subfield>
    <subfield code="v">78 ; 98 ; 103 ; 109</subfield>
  </datafield>
  <datafield tag="505" ind1="8" ind2=" ">
    <subfield code="a">Contiene t. I. Sobre la educacion de los hijos ; Como debe el joven escuchar la poesia ; Sobre como se debe escuchar ; Como distinguir a un adulador de un amigo ; Como percibir los propios progresos en la virtud ; Como sacar provecho de los enemigos ; Sobre la abundancia de amigos / introducciones, traducciones y notas por Concepcion Morales Otal y Jose Garcia Lopez -- t. II. Sobre la fortuna ; Sobre la virtud y el vicio ; Escrito de consolacion a Apolonio ; Consejos para conservar la salud ; Deberes del matrimonio ; Banquete de los Siete Sabios ; Sobre la supersticion / introducciones, traducciones y notas por Concepcion Morales Otal y Jose Garcia Lopez -- t. III. Maximas de reyes y generales ; Maximas de romanos ; Maximas de espartanos ; Antiguas costumbres de los espartanos ; Maximas de mujeres espartanas ; Virtudes de mujeres / introducciones y notas por Mercedes Lopez Salva y Maria Antonia Medel ; traducciones por Mercedes Lopez Salva -- t. IV. Charlas de sobremesa / introduccion, traduccion y notas por Francisco Martin Garcia</subfield>
  </datafield>
  <datafield tag="650" ind1=" " ind2="4">
    <subfield code="a">Moral pr&#xE1;ctica-</subfield>
    <subfield code="v">Obras anteriores a 1800.</subfield>
    <subfield code="9">167917</subfield>
  </datafield>
  <datafield tag="700" ind1="1" ind2=" ">
    <subfield code="a">Morales Otal, Concepci&#xF3;n.</subfield>
    <subfield code="9">83064</subfield>
  </datafield>
  <datafield tag="700" ind1="1" ind2=" ">
    <subfield code="a">Garc&#xED;a L&#xF3;pez, Jos&#xE9;, </subfield>
    <subfield code="d">1936-</subfield>
    <subfield code="9">54844</subfield>
  </datafield>
  <datafield tag="700" ind1="1" ind2=" ">
    <subfield code="a">L&#xF3;pez Salva, Mercedes.</subfield>
    <subfield code="9">73952</subfield>
  </datafield>
  <datafield tag="700" ind1="1" ind2=" ">
    <subfield code="a">Medel, Maria Antonia.</subfield>
    <subfield code="9">79665</subfield>
  </datafield>
  <datafield tag="700" ind1="1" ind2=" ">
    <subfield code="a">Mart&#xED;n Garc&#xED;a, Francisco.</subfield>
    <subfield code="9">77503</subfield>
  </datafield>
  <datafield tag="830" ind1="0" ind2=" ">
    <subfield code="a">Biblioteca cl&#xE1;sica Gredos ; </subfield>
    <subfield code="v">78 ; 98 ; 103 ; 109</subfield>
    <subfield code="9">177556</subfield>
  </datafield>
  <datafield tag="852" ind1=" " ind2=" ">
    <subfield code="a">ES-MaACL</subfield>
    <subfield code="j">L-13670-73</subfield>
  </datafield>
  <datafield tag="999" ind1=" " ind2=" ">
    <subfield code="c">6510</subfield>
    <subfield code="d">6510</subfield>
  </datafield>
  <datafield tag="952" ind1=" " ind2=" ">
    <subfield code="0">0</subfield>
    <subfield code="1">0</subfield>
    <subfield code="4">0</subfield>
    <subfield code="7">0</subfield>
    <subfield code="a">ATENEOM</subfield>
    <subfield code="b">ATENEOM</subfield>
    <subfield code="c">DEPO2</subfield>
    <subfield code="d">2008-01-17</subfield>
    <subfield code="e">SC</subfield>
    <subfield code="l">0</subfield>
    <subfield code="o">L-13670-73</subfield>
    <subfield code="p">1006630</subfield>
    <subfield code="r">2023-02-23 00:00:00</subfield>
    <subfield code="w">2023-02-23</subfield>
    <subfield code="y">MONOGRAFIA</subfield>
  </datafield>
</record>
